Los Años sesenta... /

שמור ב:
מידע ביבליוגרפי
מחבר ראשי: Wing - Ching Sandí, Isabel
פורמט: Texto
נושאים:
תגים: הוספת תג
אין תגיות, היה/י הראשונ/ה לתייג את הרשומה!

MARC

LEADER 00000 a a2200000 04500
001 13594
003
040
100 |a Wing - Ching Sandí, Isabel  
245 |a Los Años sesenta... /  |c Isabel Wing - Ching Sandí 
650 |a HISTORIA  
650 |a ANALISIS HISTORICO  
650 |a CAMBIO SOCIAL  
650 |a MOVIMIENTOS SOCIALES  
650 |a CAMBIO CULTURAL  
650 |a REFORMA DE LA EDUCACION  
773 |g número 75; páginas 17-31  
999 |c 24866  |d 24866